00741nam a2200193 a 450000100100000000500170001000800410002704000250006808200150009310000330010824500800014126000300022130000280025150000460027971000830032504900090040895201130041799900170053000001665420200929164937.0100308s2004 dr a 000 0 spa d aDO-SdBNPbspacBNPHU axxxbG943m1 aDe Dios Román, Juan93700010aGuía metodológica :biniciación al balonmano /cJuan De Dios Román. aSanto Domingo :bSEDEFIR. a174 p. :bil. ;c22 cm. aXI juegos deportivos nacionales juveniles2 aSecretaría de Estado de Deportes, Educación Física y Recreación936895 aBNPD 0010718PDaPDbPDcCTd2010-03-08iLF1l0oxxx G943mp16654-10r2020-06-25w2020-06-25yLFPDZNo se presta c16187d16187